Tulsian's Quick revision for cost accounting for CA-IPC (group-1) : (Record no. 152773)

MARC details
000 -LEADER
fixed length control field 00972nam a22002297a 4500
005 - DATE AND TIME OF LATEST TRANSACTION
control field 20180618103535.0
010 ## - LCCN (DPL NO)
LC control number B-686201A-214A
020 ## - INTERNATIONAL STANDARD BOOK NUMBER
International Standard Book Number 9789352533367
Terms of availability 850.00
035 ## - SYSTEM CONTROL NUMBER
System control number B-686201A-214A
037 ## - SOURCE OF ACQUISITION
Source of stock number/acquisition Asian
082 ## - DEWEY DECIMAL CLASSIFICATION NUMBER
Classification number 657.42
100 ## - MAIN ENTRY--PERSONAL NAME
Personal name Tulsian, P.C.
245 ## - TITLE STATEMENT
Title Tulsian's Quick revision for cost accounting for CA-IPC (group-1) :
Statement of responsibility, etc by P.C. Tulsian [and] Bharat Tulsian
Remainder of title Supplement to the main textbook Tulsian's cost accounting for CA-IPC(Group-I)/
250 ## - EDITION STATEMENT
Edition statement rev. ed
260 ## - PUBLICATION, DISTRIBUTION, ETC. (IMPRINT)
Place of publication, distribution, etc New Delhi
Name of publisher, distributor, etc S.Chand
Date of publication, distribution, etc 2016
270 ## - ADDRESS
Address 7361, Ram Nagar
City New Delhi
Postal code 110055
300 ## - PHYSICAL DESCRIPTION
Extent various pagings
Dimensions 24cm(pbk)
500 ## - GENERAL NOTE
General note Supplement to the main textbook Tulsian's cost accounting for CA-IPC(Group-I)
700 ## - ADDED ENTRY--PERSONAL NAME
Personal name Tulsian, Bharat
942 ## - ADDED ENTRY ELEMENTS (KOHA)
Source of classification or shelving scheme Dewey Decimal Classification
Item type English Books
Classification part 657.42
Call number suffix TUL
Holdings
Withdrawn status Lost status Not for loan Collection code Home library Current library Date acquired Source of acquisition Cost, normal purchase price Full call number Barcode Copy number Cost, replacement price Koha item type
      Non-fiction Ashok Vihar Ashok Vihar 20/01/2018 ABC/5278/5.12.17/BPPD/EN/2017-18/636/20.11.17/6.1.2018 850.00 657.42 TUL B-686205A 1 850.00 English Books
      Non-fiction Bawana Bawana 20/01/2018 ABC/5278/5.12.17/BPPD/EN/2017-18/636/20.11.17/6.1.2018 850.00 657.42 TUL B-686213A 1 850.00 English Books
      Non-fiction Central Library Central Library 20/01/2018 ABC/5278/5.12.17/BPPD/EN/2017-18/636/20.11.17/6.1.2018 850.00 657.42 TUL B-686201A 1 850.00 English Books
      Non-fiction Janak Puri Janak Puri 20/01/2018 ABC/5278/5.12.17/BPPD/EN/2017-18/636/20.11.17/6.1.2018 850.00 657.42 TUL B-686209A 1 850.00 English Books
      Non-fiction Kasturba Gandhi Marg Kasturba Gandhi Marg 20/01/2018 ABC/5278/5.12.17/BPPD/EN/2017-18/636/20.11.17/6.1.2018 850.00 657.42 TUL B-686207A 1 850.00 English Books
      Non-fiction Mobile Library Mobile Library 20/01/2018 ABC/5278/5.12.17/BPPD/EN/2017-18/636/20.11.17/6.1.2018 850.00 657.42 TUL B-686202A 2 850.00 English Books
      Non-fiction Mobile Library Mobile Library 20/01/2018 ABC/5278/5.12.17/BPPD/EN/2017-18/636/20.11.17/6.1.2018 850.00 657.42 TUL B-686203A 2 850.00 English Books
      Non-fiction Narela Narela 20/01/2018 ABC/5278/5.12.17/BPPD/EN/2017-18/636/20.11.17/6.1.2018 850.00 657.42 TUL B-686212A 1 850.00 English Books
      Non-fiction New Police Line New Police Line 20/01/2018 ABC/5278/5.12.17/BPPD/EN/2017-18/636/20.11.17/6.1.2018 850.00 657.42 TUL B-686204A 1 850.00 English Books
      Non-fiction Patel Nagar Patel Nagar 20/01/2018 ABC/5278/5.12.17/BPPD/EN/2017-18/636/20.11.17/6.1.2018 850.00 657.42 TUL B-686206A 1 850.00 English Books
      Non-fiction Peshwa Road Peshwa Road 20/01/2018 ABC/5278/5.12.17/BPPD/EN/2017-18/636/20.11.17/6.1.2018 850.00 657.42 TUL B-686208A 1 850.00 English Books
      Non-fiction R.K.Puram-8 R.K.Puram-8 20/01/2018 ABC/5278/5.12.17/BPPD/EN/2017-18/636/20.11.17/6.1.2018 850.00 657.42 TUL B-686211A 1 850.00 English Books
      Non-fiction Sarojini Nagar Sarojini Nagar 20/01/2018 ABC/5278/5.12.17/BPPD/EN/2017-18/636/20.11.17/6.1.2018 850.00 657.42 TUL B-686210A 1 850.00 English Books
      Non-fiction Shahdara Branch Shahdara Branch 20/01/2018 ABC/5278/5.12.17/BPPD/EN/2017-18/636/20.11.17/6.1.2018 850.00 657.42 TUL B-686214A 1 850.00 English Books

© Delhi Public Library
Hit Counter
free hit counter